Principios de Economía (Registro nro. 3784)

Detalles MARC
000 -LEADER
fixed length control field 01309 a2200265 4500
001 - CONTROL NUMBER
control field 44312
005 - DATE AND TIME OF LATEST TRANSACTION
control field 20260407155721.0
008 - FIXED-LENGTH DATA ELEMENTS--GENERAL INFORMATION
fixed length control field 260407a1997 arg spa d
003 - CONTROL NUMBER IDENTIFIER
control field AR-UNSa-BCEJYS
040 ## - CATALOGING SOURCE
Original cataloging agency AR-UNSa-BCEJYS
Language of cataloging spa
Transcribing agency AR-UNSa-BCEJYS
080 ## - UNIVERSAL DECIMAL CLASSIFICATION NUMBER
Universal Decimal Classification number 330
Common auxiliary subdivision Economía en general
020 ## - INTERNATIONAL STANDARD BOOK NUMBER
International Standard Book Number 987-9094-34-4
041 ## - LANGUAGE CODE
Language code of text/sound track or separate title spa
100 1# - MAIN ENTRY--PERSONAL NAME
Personal name Recalde de Bernardi, María L.
245 10 - TITLE STATEMENT
Title Principios de Economía
264 #1 - PRODUCTION, PUBLICATION, DISTRIBUTION, MANUFACTURE, AND COPYRIGHT NOTICE
Place of production, publication, distribution, manufacture Córdoba :
Name of producer, publisher, distributor, manufacturer Ediciones Eudecor
Date of production, publication, distribution, manufacture, or copyright notice 1997
300 ## - PHYSICAL DESCRIPTION
Extent 463 p.
Dimensions 26 cm.
505 ## - FORMATTED CONTENTS NOTE
Formatted contents note 1. La economía como conocimiento científico - 2. Presentación histórica del pensamiento y análisis económico - 3. Escasez y restricción tecnológica en la producción. Modelo de dos sectores - 4. Decisiones de gasto de las familias La demanda de bienes de consumo - 5. Las decisiones de producción Oferta de bienes de los productores - 6. El mercado - 7. La medición de la actividad económica - 8. El uso de índices de precios - 9. El equilibrio en el mercado del producto - 10. El sector monetario - 11. Ampliaciones del modelo básico - 12. El sector externo.-
590 ## - LOCAL NOTE (RLIN)
Local note niveau_biblio:m niveau_hierar:0
700 1# - ADDED ENTRY--PERSONAL NAME
Personal name Diaz Cafferata, Alberto M.
700 1# - ADDED ENTRY--PERSONAL NAME
Personal name Figueras, Alberto José
700 1# - ADDED ENTRY--PERSONAL NAME
Personal name Frediani, Ramón O.
700 1# - ADDED ENTRY--PERSONAL NAME
Personal name Swoboda, Carlos Juan
942 ## - ADDED ENTRY ELEMENTS (KOHA)
Koha item type
Existencias
Withdrawn status Lost status Damaged status Not for loan Home library Current library Shelving location Date acquired Total checkouts Full call number Barcode Date last seen Price effective from Koha item type
        Biblioteca Prof. Eusebio Cleto del Rey Biblioteca Prof. Eusebio Cleto del Rey   07/04/2026   330 P957 L85015 07/04/2026 07/04/2026 Libro